La villa romana de Campo de Villavidel (León) : (Record no. 187535)
[ view plain ]
| 000 -LEADER | |
|---|---|
| campo de control de longitud fija | 01109nam a2200253 i 4500 |
| 001 - NÚMERO DE CONTROL | |
| campo de control | 187535 |
| 003 - IDENTIFICADOR DE NÚMERO DE CONTROL | |
| campo de control | ES-MaACL |
| 005 - FECHA Y HORA DE LA ÚLTIMA TRANSACCIÓN | |
| campo de control | 20240129115700.0 |
| 008 - DATOS DE LONGITUD FIJA--INFORMACIÓN GENERAL | |
| campo de control de longitud fija | 171120s1986 sp af |||| | spa d |
| 020 ## - NÚMERO INTERNACIONAL ESTÁNDAR DEL LIBRO | |
| Número Internacional Estándar del Libro | 84-7491-185-0 |
| 080 ## - NÚMERO DE LA CLASIFICACIÓN DECIMAL UNIVERSAL | |
| Número de la Clasificación Decimal Universal | 904(37:462.11 Campo de Villavidel) |
| 080 ## - NÚMERO DE LA CLASIFICACIÓN DECIMAL UNIVERSAL | |
| Número de la Clasificación Decimal Universal | 738.5.032.77(460.181 Campo de Villavidel) |
| 245 03 - MENCIÓN DEL TÍTULO | |
| Título | La villa romana de Campo de Villavidel (León) : |
| Resto del título | arqueología, simetría, color, petrografía de mosaicos / |
| Mención de responsabilidad, etc. | por F. Mingarro Martín ... [et al.]. |
| 260 ## - PUBLICACIÓN, DISTRIBUCIÓN, ETC. | |
| Lugar de publicación, distribución, etc. | Madrid : |
| Nombre del editor, distribuidor, etc. | Universidad Complutense, |
| Fecha de publicación, distribución, etc. | [1986] |
| Lugar de publicación, distribución, etc. | León : |
| Nombre del editor, distribuidor, etc. | Universidad de León. |
| 300 ## - DESCRIPCIÓN FÍSICA | |
| Extensión | 103 p., [13] p. de lám. col. : |
| Otras características físicas | il. ; |
| Dimensiones | 21 cm. |
| 504 ## - NOTA DE BIBLIOGRAFÍA, ETC. | |
| Nota de bibliografía, etc. | Bibliografía: p. [101]-103. |
| 650 #4 - PUNTO DE ACCESO ADICIONAL DE MATERIA--TÉRMINO DE MATERIA | |
| Término de materia o nombre geográfico como elemento de entrada | Mosaicos romanos- |
| Subdivisión geográfica | Campo de Villavidel. |
| 9 (RLIN) | 164018 |
| 651 #4 - PUNTO DE ACCESO ADICIONAL DE MATERIA--NOMBRE GEOGRÁFICO | |
| Nombre geográfico | Campo de Villavidel- |
| Subdivisión general | Restos arqueológicos romanos. |
| 9 (RLIN) | 164019 |
| 651 #4 - PUNTO DE ACCESO ADICIONAL DE MATERIA--NOMBRE GEOGRÁFICO | |
| Nombre geográfico | León (Provincia)- |
| Subdivisión general | Restos arqueológicos. |
| 9 (RLIN) | 162260 |
| 700 1# - ENTRADA AGREGADA--NOMBRE PERSONAL | |
| Nombre de persona | Mingarro Martín, Francisco. |
| 9 (RLIN) | 81329 |
| 852 ## - LOCALIZACIÓN | |
| Ubicación | ES-MaACL |
| Número de control de estantería | A-14076 |
| itemnumber | 194614 |
| Sublocalización o colección | R.129640 |
| Ubicación en estantería | Depósito 1 |
| Signatura antigua | Olim: N-7076 |
| 942 ## - ELEMENTOS DE ENTRADA SECUNDARIOS (KOHA) | |
| Fuente del sistema de clasificación o colocación | Clasificación decimal universal |
| Tipo de ítem Koha | Libro impreso |
| Estatus retirado | Estado de pérdida | Fuente del sistema de clasificación o colocación | Estado de daño | No para préstamo | Biblioteca de origen | Biblioteca actual | Ubicación en estantería | Fecha de adquisición | Fuente de adquisición | Total de préstamos | Signatura topográfica completa | Código de barras | Visto por última vez | Precio de reemplazo | Tipo de ítem Koha |
|---|---|---|---|---|---|---|---|---|---|---|---|---|---|---|---|
| Clasificación decimal universal | Biblioteca del Ateneo de Madrid | Biblioteca del Ateneo de Madrid | Depósito 1 | 20/11/2017 | Donación | A-14076 | 1198060 | 23/02/2023 | 23/02/2023 | Libro impreso |
